<?xml version="1.0" encoding="UTF-8"?><record xmlns="http://www.loc.gov/MARC21/slim" xmlns:zs="http://docs.oasis-open.org/ns/search-ws/sruResponse">
  <leader>03238cas a22003853i 4500</leader>
  <controlfield tag="001">22231454</controlfield>
  <controlfield tag="005">20250607111039.3</controlfield>
  <controlfield tag="008">210910d1940uuuuru || n|o     0    0rus  </controlfield>
  <datafield ind1=" " ind2=" " tag="035">
    <subfield code="a">22231454</subfield>
  </datafield>
  <datafield ind1=" " ind2=" " tag="906">
    <subfield code="a">0</subfield>
    <subfield code="b">ibc</subfield>
    <subfield code="c">orignew</subfield>
    <subfield code="d">u</subfield>
    <subfield code="e">ncip</subfield>
    <subfield code="f">20</subfield>
    <subfield code="g">y-ilsserca</subfield>
  </datafield>
  <datafield ind1=" " ind2=" " tag="955">
    <subfield code="a">LCAP batch update 2025-06-02-04:00: LCAPM-988</subfield>
  </datafield>
  <datafield ind1=" " ind2=" " tag="010">
    <subfield code="a">  2020744400</subfield>
  </datafield>
  <datafield ind1=" " ind2=" " tag="035">
    <subfield code="a">(WDL)20280</subfield>
  </datafield>
  <datafield ind1=" " ind2=" " tag="040">
    <subfield code="a">DLC</subfield>
    <subfield code="b">eng</subfield>
    <subfield code="c">DLC</subfield>
  </datafield>
  <datafield ind1=" " ind2=" " tag="066">
    <subfield code="c">(N</subfield>
  </datafield>
  <datafield ind1=" " ind2=" " tag="080">
    <subfield code="a">957</subfield>
  </datafield>
  <datafield ind1="0" ind2="0" tag="245">
    <subfield code="a">Bulletin Number 1 of the Newspaper "Stakhanovite," Review of the Preparedness of Mechanisms.</subfield>
  </datafield>
  <datafield ind1="3" ind2="1" tag="880">
    <subfield code="6">246-00/(N</subfield>
    <subfield code="a">Бюллетень N 1 газеты "Стахановец", посвященный смотру готовности механизмов</subfield>
  </datafield>
  <datafield ind1=" " ind2=" " tag="260">
    <subfield code="a">[Russia] :</subfield>
    <subfield code="b">Political Departments of West and Chai-Ur'inskii Mining Administrations of Dalstroy (Far North Construction Trust)</subfield>
  </datafield>
  <datafield ind1=" " ind2=" " tag="300">
    <subfield code="a">1 online resource.</subfield>
  </datafield>
  <datafield ind1=" " ind2=" " tag="336">
    <subfield code="a">text</subfield>
    <subfield code="b">txt</subfield>
    <subfield code="2">rdacontent</subfield>
  </datafield>
  <datafield ind1=" " ind2=" " tag="337">
    <subfield code="a">computer</subfield>
    <subfield code="b">c</subfield>
    <subfield code="2">rdamedia</subfield>
  </datafield>
  <datafield ind1=" " ind2=" " tag="338">
    <subfield code="a">online resource</subfield>
    <subfield code="b">cr</subfield>
    <subfield code="2">rdacarrier</subfield>
  </datafield>
  <datafield ind1="1" ind2=" " tag="362">
    <subfield code="a">May 23, 1940-</subfield>
    <subfield code="z">World Digital Library data.</subfield>
  </datafield>
  <datafield ind1=" " ind2=" " tag="500">
    <subfield code="a">Title devised, in English, by Library staff.</subfield>
  </datafield>
  <datafield ind1=" " ind2=" " tag="520">
    <subfield code="a">This item is from a collection of photographs, drawings, newspapers, and documents gathered in the Kolyma region of Russia. Kolyma is a northeastern region that takes its name from the Kolyma River and includes parts of the present-day Chukotka Autonomous Okrug and present-day Magadan Oblast. This region contained deposits of gold and platinum and was home to Sevvostlag (Northeastern Corrective Labor Camps), one of the Soviet Union's most infamous labor camp systems, which was administered by a government agency known as Dalstroy (Far North Construction Trust). These materials were collected by the Yagodnoye District public historical and educational organization "Search for the Unlawfully Repressed."This organization was founded in 1990 with the goal of locating former prisoners of the Kolyma camps. It corresponds with more than 500 former prisoners and their relatives, publishes prisoners' memoirs, conducts local history research, and carries out expeditions to the remains of camps. The materials collected by Search for the Unlawfully Repressed became the basis for the collections of the Memory of Kolyma Museum, where this collection is housed. The collection's photographs depict ruins of camp buildings, daily life in Kolyma, and journalists traveling in the region. Other materials of the collection include a map of Kolyma's camps, newspapers from the region, certificates, letters, records of criminal cases, and personal files. Parts of the collection were digitized in the early 2000s for the Meeting of Frontiers digital library project.</subfield>
  </datafield>
  <datafield ind1="1" ind2=" " tag="535">
    <subfield code="a">Original resource at: Memory of Kolyma Museum</subfield>
  </datafield>
  <datafield ind1=" " ind2=" " tag="546">
    <subfield code="a">Content in Russian.</subfield>
  </datafield>
  <datafield ind1=" " ind2=" " tag="653">
    <subfield code="a">Communism</subfield>
    <subfield code="a">Designs and plans</subfield>
    <subfield code="a">Journalism</subfield>
    <subfield code="a">Mines and mineral resources</subfield>
    <subfield code="a">Political parties</subfield>
    <subfield code="a">Proletariat</subfield>
    <subfield code="a">Russian Far East</subfield>
    <subfield code="a">Siberia</subfield>
    <subfield code="a">Socialist competition</subfield>
  </datafield>
  <datafield ind1=" " ind2="7" tag="655">
    <subfield code="a">Newspapers</subfield>
    <subfield code="2">lcgft</subfield>
  </datafield>
  <datafield ind1=" " ind2=" " tag="752">
    <subfield code="a">Russian Federation</subfield>
    <subfield code="b">Magadan Oblast</subfield>
    <subfield code="d">Susuman</subfield>
  </datafield>
  <datafield ind1="0" ind2=" " tag="773">
    <subfield code="t">Materials on the History of Sevvostlag</subfield>
  </datafield>
  <datafield ind1="4" ind2="0" tag="856">
    <subfield code="d">gdcwdl</subfield>
    <subfield code="f">wdl_20280</subfield>
    <subfield code="u">https://hdl.loc.gov/loc.wdl/wdl.20280</subfield>
  </datafield>
  <datafield ind1=" " ind2=" " tag="985">
    <subfield code="a">mtfront/mpk/sevvo</subfield>
  </datafield>
  <datafield ind1=" " ind2=" " tag="985">
    <subfield code="a">wdl/wdlpartner/wdlmpk</subfield>
  </datafield>
</record>
